| 000 | 00355nam a2200133Ia 4500 | ||
|---|---|---|---|
| 008 | 240624s9999 xx 000 0 und d | ||
| 041 | _aeng | ||
| 082 | _a338.7 MAG | ||
| 100 | _aMAGEE DAVID | ||
| 245 | _aJEFF IMMELT AND THE NEW GE WAY INNOVATIO | ||
| 260 |
_c2009 _aNew Delhi _bTata McGraw - Hill |
||
| 300 | _av, : 264 : p. : cm. ; 26 | ||
| 365 |
_cRS _b33 |
||
| 999 |
_c25659 _d25659 |
||